366 esei untuk motivasi diri

Bibliographic Details
Main Author: Bremer, Sidney Newton
Other Authors: Kowa, Frans
Format: Book
Published: Batu Caves : Thinker's Library Sdn.Bhd. , 1996, 2000
Subjects:

MARC

LEADER 00000cam a2200000 7i4500
001 0000015816
002 000017276
005 20010420.0
020 |a 9676901342 
090 0 0 |a 153.8   |b BRE 
100 1 |a Bremer, Sidney Newton 
245 1 0 |a 366 esei untuk motivasi diri   |c Sydney Newton Bremer Ph.D 
260 |a Batu Caves :   |b Thinker's Library Sdn.Bhd. ,   |c 1996, 2000 
300 |a 423p. ;   |c 23cm. 
650 0 0 |a Motivation (Psychology) 
700 1 |a Kowa, Frans 
999 |a 00062637   |b BUKU   |c PINJAMAN   |e PERPUSTAKAAN KOMUNITI PETALING JAYA 
999 |a 00131489   |b BUKU   |c PINJAMAN   |e PERPUSTAKAAN KOMUNITI PETALING JAYA